000 00509nam a2200217Ia 4500
003 OSt
005 20221005132106.0
006 a|||||r|||| 00| 0
007 ta
008 221004b |||||||| |||| 00| 0 eng d
024 _a117828
037 _cTextual
040 _aCRL
_cCRL
_beng
041 _2eng
_aeng
100 _aSaxena Arjun Kishor
_9640594
245 0 _aTextbook of Botany
260 _c1974
650 _aBOTANY
942 _cTEXL
_2cc
999 _c1062412
_d1062412